000 00902nam a2200217Ii 4500
003 JO-AjNU
008 230605s9999||||xx |||||||||||||| ||und||
017 _a2006/7/1830
040 _aJO-AjNU
_bara
_erda
_cJO-AjNU
041 _aara
050 1 4 _aHF5415.A88 2007
100 3 _aالطائي، حميد، م. مشارك: محمود الصميدعي، بشير العلاق، ايهاب علي القرم,
_eauthor
_957315
245 0 0 _aالاسس العلمية للتسويق الحديث : مدخل شامل
250 _aط العربية
264 3 1 _aعمان: دار اليازوري العلمية للنشر والتوزيع، 2007
300 _a357ص
_bيحتوي على ببلوغرافية من ص351-357ص
336 _atext
_btxt
_2rdacontent
337 _aunmediated
_bn
_2rdamedia
338 _avolume
_bnc
_2rdacarrier
650 4 _aالتسويق- ادارة التسويق
_957316
999 _aA25675
_c29243
_d29243